Liga Portugal 25/26 - nagła śmierć - Statystyki

Ogólne statystyki
  • Ten quiz został rozwiązany 116 razy
  • Średni wynik to 5 z 18
Answers on the Grid
Answers color-coded by a green-red scale on the quiz's grid according to % correct below.
FC Porto
FC Alverca
Sporting CP
GD Chaves
Portimonense SC
CD Tondela
Rio Ave FC
FC Paços de Ferreira
CD Nacional
Gil Vicente FC
CS Marítimo
AVS Futebol SAD
Benfika Lizbona
Vitoria Guimarães
FC Vizela
GD Estoril Praia
Casa Pia AC
Estrela Amadora
Boavista FC
SC Braga
Moreirense FC
CD Feirense
CD Santa Clara
Vitória Setúbal
FC Arouca
FC Famalicão
SC Farense
 
Statystyki odpowiedzi
Odpowiedź % Poprawnych
SC Braga
65%
FC Porto
61%
Sporting CP
61%
Benfika Lizbona
57%
Vitoria Guimarães
57%
Rio Ave FC
51%
CD Santa Clara
24%
Gil Vicente FC
24%
Moreirense FC
22%
FC Arouca
20%
FC Famalicão
18%
CD Nacional
16%
GD Estoril Praia
16%
Casa Pia AC
14%
AVS Futebol SAD
8%
CD Tondela
8%
Estrela Amadora
8%
FC Alverca
8%
Nie znaleziono quizów pasujących do podanych kryteriów
Rozkład punktacji
Procent ludzi z każdym wynikiem
Percentyl według liczby udzielonych odpowiedzi
Twoja historia wyników
Nie rozwiązałeś tego quizu